| 000 | 00586nam a2200193 i 4500 | ||
|---|---|---|---|
| 001 | 95086 | ||
| 003 | ES-MaACL | ||
| 005 | 20230906181630.0 | ||
| 007 | t| | ||
| 008 | 050523s1931 sp ||||1| spa d | ||
| 100 | 1 |
_aLudwig, Emil. _974618 |
|
| 245 | 1 | 0 |
_aGenio y carácter _b: diez y seis retratos y un prólogo / _cEmil Ludwing ; traducción de Ricardo Baeza. |
| 260 |
_aBarcelona : _bJuventud, _c1931. |
||
| 300 |
_a310 p. ; _c23 cm. |
||
| 650 | 4 |
_aBiografías. _910574 |
|
| 700 | 1 |
_aBaeza, Ricardo, _d1890-1956 _924620 |
|
| 852 |
_aES-MaACL _jA-363 |
||
| 999 |
_c95086 _d95086 |
||